000 00491nmm a2200169Ia 4500
008 251105s9999||||xx |||||||||||||||||und||
020 _a9789580614487
041 _aspa
100 _aHurtado, Daniel
245 0 _aRelatos ordinarios y extraordinarios
264 _a[Bogotá, Colombia] :
_bOveja Negra,
_c2020
300 _a217 páginas
490 _aObras de referencia
650 _aLatin American narrative
856 _uhttps://public.digitaliapublishing.com/a/111745
942 _cCF
999 _c95074
_d95074